000 00623nam a2200181 u 4500
001 000599006
003 AM-YeHGA
005 20250617141852.0
008 080912s1959 ||| r 000 0 rus d
040 _aAM-YeHGA
041 0 _arus
100 1 _aДедюхин, Василий Аполлонович
245 1 0 _aДочери :
_bКомедия в 3 действиях, 4 картинах /
_cВасилий Дедюхин.
260 _aУльяновск :
_bУльяновск. кн. изд-во,
_c1959.
300 _a71 с.
653 0 _aРусская советская литература
090 _c248480
999 _c246891
_d246891